000 00571nam a2200193 4500
001 10474
005 20230410123609.0
008 060907n2002 dr spa
020 _a2110045728
035 _9funglode10558
041 _aFR
050 1 4 _aKJV 5428 P769 2002
245 0 _aLes politiques culturelles en france /
_ctextes rassemblés et presentés par Phillippe Poirrier
260 _aParis :
_bLa Documentacion Francaise,
_c2002
300 _a637 p.
440 _aCollection retour aux textes
700 _aPoirrier, Phillippe
942 _2lcc
_cbk
999 _c64602
_d64602